00542nam a2200193 i 450000100060000000300090000600500170001500700030003200800410003510000220007624501010009825000130019926000320021230000290024465000190027370000180029270000170031085200210032721771ES-MaACL20230906152536.0t|021127s1930 fr ||||1| fre d1 aAftalion, Albert.10aCours de statistique / cAlbert Aftalion ; recuieilli et rédigé par Jean Lhomme, Jean Priou. a3e éd. aParís : b[s.n., c1930?] aX,[2], 247 p. ; c25 cm.04aEstadística.1 aLhomme, Jean.1 aPriou, Jean. aES-MaACLjA-2631